El libro de Calila e Dimna / (Registro nro. 38646)

Detalles MARC
000 -LEADER
campo de control de longitud fija 00817nam a2200241 i 4500
001 - NÚMERO DE CONTROL
campo de control 38646
003 - IDENTIFICADOR DE NÚMERO DE CONTROL
campo de control ES-MaACL
005 - FECHA Y HORA DE LA ÚLTIMA TRANSACCIÓN
campo de control 20230906155808.0
007 - CAMPO FIJO DE DESCRIPCIÓN FÍSICA--INFORMACIÓN GENERAL
campo de control de longitud fija t|
008 - DATOS DE LONGITUD FIJA--INFORMACIÓN GENERAL
campo de control de longitud fija 030226s1967 sp a |||| | spa d
080 ## - NÚMERO DE LA CLASIFICACIÓN DECIMAL UNIVERSAL
Número de la Clasificación Decimal Universal 821.411.21-31"07"
130 0# - ENTRADA PRINCIPAL--TÍTULO UNIFORME
Título uniforme Calila y Dimna.
9 (RLIN) 119651
245 13 - MENCIÓN DEL TÍTULO
Título El libro de Calila e Dimna /
Mención de responsabilidad, etc. edición crítica por John E. Keller y Robert White Linker.
260 ## - PUBLICACIÓN, DISTRIBUCIÓN, ETC.
Lugar de publicación, distribución, etc. Madrid :
Nombre del editor, distribuidor, etc. Consejo Superior de Investigaciones Científicas,
Fecha de publicación, distribución, etc. 1967.
300 ## - DESCRIPCIÓN FÍSICA
Extensión XL, 374 p. :
Otras características físicas il. ;
Dimensiones 25 cm.
490 1# - MENCIÓN DE SERIE
Mención de serie Clásicos hispánicos
700 1# - ENTRADA AGREGADA--NOMBRE PERSONAL
Nombre de persona Keller, John E.
9 (RLIN) 67768
700 1# - ENTRADA AGREGADA--NOMBRE PERSONAL
Nombre de persona Linker, Robert White.
9 (RLIN) 72446
710 2# - ENTRADA AGREGADA--NOMBRE DE ENTIDAD CORPORATIVA
Nombre de entidad corporativa o nombre de jurisdicción como elemento de entrada Consejo Superior de Investigaciones Científicas (España)
9 (RLIN) 3236
830 0# - PUNTO DE ACCESO ADICIONAL DE SERIE-TÍTULO UNIFORME
Título uniforme Clásicos hispánicos
9 (RLIN) 229022
852 ## - LOCALIZACIÓN
Ubicación ES-MaACL
Número de control de estantería C-32235
Existencias
Estatus retirado Estado de pérdida Estado de daño No para préstamo Biblioteca de origen Biblioteca actual Ubicación en estantería Fecha de adquisición Fuente de adquisición Total de préstamos Signatura topográfica completa Código de barras Visto por última vez Precio de reemplazo Tipo de ítem Koha
        Biblioteca del Ateneo de Madrid Biblioteca del Ateneo de Madrid Depósito 2 17/01/2008     C-32235 1040697 23/02/2023 23/02/2023 Libro impreso